00910nam a2200241 a 450000100100000000500170001000800410002704000250006808200190009310000320011224500950014425000120023926000470025130000210029849000300031965100490034965100520039870000320045083000370048204900090051995201230052899900170065100002280620200930021816.0101118s1973 mx r 000 0 spa d aDO-SdBNPbspacBNPHU a320.973bD668q1 aDomhoff, G. William.94685011a¿Quién gobierna Estados Unidos? /cG. William Domhoff ; traducción de Carlos Gerhard. a5ta ed. aMéxico, D. F. :bSiglo Veintiuno,c1973. a250 p. ;c18 cm.1 aSociología y política 4aEstados UnidoszPolítica Y Gobierno946851 4aEstados UnidoszCondiciones Económicas9468521 aGerhard, Carlos,etr.95131 0aSociología y política917789 aBNGR 001054708MOaGRbGRcCTd2010-11-18iLF1l0o320.973 D668qp22806-10r2020-06-25w2020-06-25y4ZPréstamo en sala c22303d22303